[Event "Barbera op"]
[Site "Barbera del Valles ESP"]
[Date "2016.07.11"]
[Round "8.19"]
[White "Gedajlovic, Max"]
[Black "Sanchez Jerez, Emilio"]
[Result "1-0"]
[WhiteElo "2302"]
[BlackElo "2201"]
[PlyCount "110"]
[EventDate "2016.07.04"]
[EventType "swiss"]
[EventRounds "9"]
[EventCountry "ESP"]
[Source "Chess Mix"]

1. d4 Nf6 2. c4 g6 3. Nc3 Bg7 4. e4 d6 5. Nf3 O-O 6. h3 e5 7. d5 Nh5 8. g3 a5
9. Be3 Na6 10. Nd2 Nf6 11. Be2 Nd7 12. g4 Ndc5 13. a3 f5 14. Qc2 f4 15. Bxc5
Nxc5 16. b3 c6 17. Bf3 cxd5 18. cxd5 Bd7 19. a4 Qb6 20. Rb1 Rac8 21. Be2 Qb4
22. Bc4 f3 23. Na2 Qb6 24. g5 Rf4 25. Nc3 Qb4 26. Na2 Qb6 27. Nc3 h6 28. h4
hxg5 29. hxg5 Qd8 30. Rg1 Bg4 31. Nd1 Qxg5 32. Ne3 Qh4 33. Nef1 Bh3 34. Ng3 Bg2
35. Kd1 Bh6 36. Bb5 Rff8 37. Nc4 Bf4 38. Nf1 Nd3 39. Rb2 Nxb2+ 40. Qxb2 Bh6 41.
Ng3 Bf4 42. Nf1 Rc7 43. Qc2 g5 44. Qb2 g4 45. Nce3 Rfc8 46. Bc4 Qh3 47. Qa3 Rc5
48. Qb2 R8c7 49. Kc2 Qh7 50. Kd3 Rg7 51. Nf5 Rf7 52. Nxd6 Bh2 53. Nxh2 Rf4 54.
Qxe5 Qxh2 55. Nf5 Qh8 1-0

[Event "Barbera op"]
[Site "Barbera del Valles ESP"]
[Date "2016.07.12"]
[Round "9.10"]
[White "Hansen, TR."]
[Black "Gedajlovic, Max"]
[Result "1/2-1/2"]
[WhiteElo "2463"]
[BlackElo "2302"]
[PlyCount "112"]
[EventDate "2016.07.04"]
[EventType "swiss"]
[EventRounds "9"]
[EventCountry "ESP"]
[Source "Mark Crowther"]
[SourceDate "2016.07.18"]

1. e4 c5 2. Nf3 d6 3. Bb5+ Nd7 4. O-O a6 5. Bd3 Ngf6 6. c3 e5 7. Bc2 Be7 8. d4
O-O 9. Re1 b5 10. a4 Bb7 11. d5 c4 12. Na3 Nc5 13. h3 Qb6 14. Be3 Rfb8 15. Nd2
Bc8 16. Qe2 Nfd7 17. Reb1 Qd8 18. axb5 axb5 19. b3 cxb3 20. Nxb3 Nxb3 21. Rxb3
Bg5 22. Rab1 Ba6 23. Bd3 Bxe3 24. Qxe3 Nc5 25. Rb4 Qa5 26. Nxb5 Bxb5 27. Bxb5
Qa2 28. Kh2 Rf8 29. R1b2 Qa1 30. Bc6 Rad8 31. c4 f5 32. exf5 Rxf5 33. Rb8 Rdf8
34. Qe2 Qc1 35. Rxf8+ Rxf8 36. Ra2 Qf4+ 37. Kg1 Qd4 38. Ra3 e4 39. Qe3 Qxc4 40.
Ra8 Rxa8 41. Bxa8 Qa2 42. Bc6 Qa1+ 43. Kh2 Qf6 44. g3 g5 45. Bb5 h5 46. Be2 h4
47. Kg2 Kg7 48. Qa3 Qe5 49. Qa7+ Kf6 50. Qh7 Qxd5 51. Qh8+ Ke7 52. gxh4 Ne6 53.
Qh7+ Kd8 54. Bg4 e3+ 55. Kg1 exf2+ 56. Kxf2 Qd2+ 1/2-1/2

[Event "Barbera op"]
[Site "Barbera del Valles ESP"]
[Date "2016.07.12"]
[Round "9.11"]
[White "Hansen, TR."]
[Black "Gedajlovic, Max"]
[Result "1-0"]
[WhiteElo "2463"]
[BlackElo "2302"]
[PlyCount "65"]
[EventDate "2016.07.04"]
[EventType "swiss"]
[EventRounds "9"]
[EventCountry "ESP"]
[Source "Mark Crowther"]
[SourceDate "2016.07.18"]

1. c4 e5 2. g3 c6 3. Nf3 e4 4. Nd4 d5 5. d3 exd3 6. Qxd3 Nf6 7. Bg2 Bb4+ 8. Nc3
O-O 9. O-O dxc4 10. Qxc4 Be7 11. Rd1 Qa5 12. h3 Nbd7 13. e4 Nb6 14. Qe2 Re8 15.
Bd2 Bb4 16. a3 Bxc3 17. Bxc3 Qg5 18. Nf3 Qh6 19. Rd6 Be6 20. Rad1 Bb3 21. e5
Nc4 22. Qf1 Nxd6 23. Rxd6 Rad8 24. Rxd8 Rxd8 25. exf6 Rd1 26. Ne1 gxf6 27. Qe2
Qc1 28. Kh2 Rd6 29. Nd3 Qg5 30. Qe8+ Kg7 31. Nf4 b6 32. Qe7 Rd1 33. Bxf6+ 1-0

[Event "Intermat: BC - WA"]
[Site "Vancouver CAN"]
[Date "2016.05.14"]
[Round "1.20"]
[White "Gedajlovic, Max"]
[Black "Chang, Lionel"]
[Result "1-0"]
[WhiteElo "2117"]
[BlackElo "1720"]
[PlyCount "75"]
[EventDate "2016.05.14"]
[EventType "team"]
[EventRounds "2"]
[EventCountry "CAN"]

1. Nf3 d5 2. b3 Nf6 3. Bb2 Nc6 4. e3 a6 5. d4 Bf5 6. a3 e6 7. Nbd2 Bd6 8. Be2
h6 9. Ne5 Bxe5 10. dxe5 Ne4 11. Nf3 Ng5 12. Nd4 Nxd4 13. exd4 Be4 14. f3 Bg6
15. h4 Nh7 16. h5 Qg5 17. hxg6 fxg6 18. Kf2 O-O 19. Bc1 Qf5 20. Qd3 Qg4 21. Rh3
Ng5 22. Bxg5 Qxg5 23. Rg3 Qh4 24. Rd1 Rf5 25. f4 Rxf4+ 26. Kg1 Rxd4 27. Qxd4
Qxg3 28. Bg4 Re8 29. Rd3 Qe1+ 30. Kh2 c5 31. Qf4 g5 32. Qg3 Qe4 33. Rd2 g6 34.
Rf2 h5 35. Bxh5 Re7 36. Qxg5 Rh7 37. Qd8+ Kg7 38. Qf8# 1-0

[Event "Intermat: BC - WA"]
[Site "Vancouver CAN"]
[Date "2016.05.14"]
[Round "2.20"]
[White "Spasic, Petar"]
[Black "Gedajlovic, Max"]
[Result "0-1"]
[WhiteElo "1893"]
[BlackElo "2117"]
[PlyCount "78"]
[EventDate "2016.05.14"]
[EventType "team"]
[EventRounds "2"]
[EventCountry "CAN"]

1. c4 e5 2. Nc3 Nf6 3. e3 Bb4 4. Qc2 O-O 5. Nf3 Nc6 6. Be2 Re8 7. O-O e4 8. Nd4
Nxd4 9. exd4 c6 10. d3 d5 11. Rd1 exd3 12. Bxd3 h6 13. Bf4 Bg4 14. Be2 dxc4 15.
Bxg4 Nxg4 16. Qf5 Qc8 17. Qxc8 Raxc8 18. h3 Nf6 19. Be3 Nd5 20. Nxd5 cxd5 21.
a3 Bd6 22. Rac1 Re4 23. Rc2 b5 24. Ra1 f5 25. Re1 f4 26. Bd2 Rxd4 27. Bc3 Rd3
28. Rd2 Rxd2 29. Bxd2 Kf7 30. Bc3 Bc5 31. Rd1 d4 32. Bb4 Bxb4 33. axb4 c3 34.
bxc3 dxc3 35. Rc1 a5 36. bxa5 b4 37. a6 b3 38. Kh2 b2 39. Rb1 Ra8 0-1

[Event "Groningen op"]
[Site "Groningen NED"]
[Date "2015.12.21"]
[Round "1.27"]
[White "Ratsma, Rosa"]
[Black "Gedajlovic, Max"]
[Result "0-1"]
[WhiteElo "2059"]
[BlackElo "2302"]
[PlyCount "94"]
[EventDate "2015.12.21"]
[EventType "swiss"]
[EventRounds "9"]
[EventCountry "NED"]
[Source "Chess Mix"]

1. e4 e6 2. d4 d5 3. Nd2 Nf6 4. e5 Nfd7 5. Bd3 c5 6. c3 Nc6 7. Ne2 cxd4 8. cxd4
f6 9. exf6 Nxf6 10. O-O Bd6 11. Nf3 Qc7 12. Nc3 a6 13. Bd2 O-O 14. Rc1 Bd7 15.
Re1 Qd8 16. h3 b5 17. a3 Qb6 18. Be3 Qb8 19. b4 Qe8 20. Bb1 Rb8 21. Qd3 Qh5 22.
Ne2 Ne4 23. Nd2 Nxd2 24. Qxd2 Qf7 25. Qd3 g6 26. Rf1 e5 27. Bh6 Rfc8 28. Ba2
exd4 29. Nxd4 Ne5 30. Qb3 Nc4 31. Rcd1 Re8 32. Bc1 Qg7 33. Rd3 Rf8 34. Nf3 Bc6
35. Rfd1 Rbe8 36. Be3 Bb8 37. Bd4 Qc7 38. g3 Re2 39. Rf1 Bd7 40. Ng5 h6 41. Rf3
Bf5 42. Bc5 Rfe8 43. Rxf5 gxf5 44. Nf3 Rb2 45. Qd3 Rxa2 46. Qxf5 Qf7 47. Qg4+
Kh7 0-1

[Event "Groningen op"]
[Site "Groningen NED"]
[Date "2015.12.22"]
[Round "2"]
[White "Gedajlovic, Max"]
[Black "Lobzhanidze, Davit"]
[Result "1/2-1/2"]
[WhiteElo "2302"]
[BlackElo "2425"]
[PlyCount "56"]
[EventDate "2015.12.21"]
[EventType "swiss"]
[EventRounds "9"]
[EventCountry "NED"]
[Source "Chessbase"]
[SourceDate "2016.01.08"]

1. d4 Nf6 2. Nf3 e6 3. c4 d5 4. g3 Bb4+ 5. Bd2 Bd6 6. Nc3 O-O 7. Bg2 c6 8. Qb3
Nbd7 9. O-O dxc4 10. Qxc4 e5 11. Bg5 h6 12. Bxf6 Qxf6 13. Ne4 Qe7 14. Nxd6 Qxd6
15. Rfd1 exd4 16. Rxd4 Qe7 17. Re4 Qf6 18. Qd4 Qxd4 19. Nxd4 Nc5 20. Re5 Ne6
21. Nf5 Rd8 22. b4 a6 23. Rc1 Kf8 24. a4 Nc7 25. Ne3 Be6 26. Bf3 Rd4 27. Nc2
Rd2 28. Ne1 Rad8 1/2-1/2

[Event "Groningen op"]
[Site "Groningen NED"]
[Date "2015.12.23"]
[Round "3"]
[White "Kuipers, Stefan"]
[Black "Gedajlovic, Max"]
[Result "1/2-1/2"]
[WhiteElo "2398"]
[BlackElo "2302"]
[PlyCount "104"]
[EventDate "2015.12.21"]
[EventType "swiss"]
[EventRounds "9"]
[EventCountry "NED"]
[Source "Chessbase"]
[SourceDate "2016.01.08"]

1. e4 e6 2. d3 d5 3. Nd2 c5 4. Ngf3 Nc6 5. g3 Bd6 6. Bg2 Nge7 7. O-O O-O 8. Re1
Qc7 9. c3 Bd7 10. a3 Rad8 11. Qe2 f6 12. Bh3 Ng6 13. b3 d4 14. cxd4 cxd4 15.
Bb2 e5 16. Bxd7 Qxd7 17. Rec1 Rc8 18. Rc2 Rc7 19. Rac1 Rfc8 20. Ne1 Nf8 21. Qd1
Ne6 22. Rb1 b5 23. Qc1 Bf8 24. Ba1 Nb8 25. Bb2 Rxc2 26. Nxc2 Nc5 27. Qf1 Nxb3
28. Nxb3 Rxc2 29. Qd1 Rc8 30. h4 Qf7 31. Rc1 Rxc1 32. Nxc1 Nd7 33. Nb3 Nb6 34.
Qc2 Na4 35. Bc1 Nc3 36. Bb2 Na4 37. Bc1 Qe6 38. Kg2 f5 39. exf5 Qd5+ 40. f3 Nc3
41. Bb2 b4 42. axb4 Bxb4 43. Nd2 Qa2 44. Nc4 a5 45. Kh3 a4 46. Qc1 h6 47. Qe1
e4 48. Bxc3 dxc3 49. Qxe4 c2 50. Qe6+ Kh7 51. Qg6+ Kg8 52. Qe6+ Kh7 1/2-1/2

[Event "Groningen op"]
[Site "Groningen NED"]
[Date "2015.12.24"]
[Round "4"]
[White "Gedajlovic, Max"]
[Black "Petrov, Nikita"]
[Result "0-1"]
[WhiteElo "2302"]
[BlackElo "2456"]
[PlyCount "150"]
[EventDate "2015.12.21"]
[EventType "swiss"]
[EventRounds "9"]
[EventCountry "NED"]
[Source "Chessbase"]
[SourceDate "2016.01.08"]

1. d4 Nf6 2. Nf3 d5 3. c4 e6 4. g3 Bb4+ 5. Bd2 Be7 6. Bg2 O-O 7. Qc2 b6 8. cxd5
exd5 9. O-O c5 10. Bc3 Bb7 11. Nbd2 Nc6 12. Rad1 c4 13. b3 cxb3 14. Qxb3 Re8
15. e3 Bd6 16. Rb1 Ba6 17. Rfc1 Bd3 18. Ra1 b5 19. Ba5 Nxa5 20. Qxd3 Nc4 21. a4
a6 22. axb5 axb5 23. Qb3 Ra5 24. Rcb1 Ne4 25. Nxe4 dxe4 26. Ne1 Nd2 27. Qc3
Nxb1 28. Qxa5 Qxa5 29. Rxa5 b4 30. Ra6 Bf8 31. Rb6 Nd2 32. f3 Nc4 33. Rb7 Nxe3
34. Bh1 f5 35. fxe4 fxe4 36. Kf2 Nd1+ 37. Ke2 Nc3+ 38. Ke3 g6 39. Nc2 Bh6+ 40.
Kf2 Bd2 41. Rxb4 e3+ 42. Nxe3 Bxe3+ 43. Kf3 Bg1 44. Kg2 Re1 45. Rc4 Nb5 46. d5
Ba7 47. h4 Nd6 48. Rc6 Bb8 49. Rb6 Re8 50. Kh3 Nf5 51. h5 gxh5 52. Bf3 Bc7 53.
Rf6 Rf8 54. Rc6 Bxg3 55. Bxh5 Bb8 56. Bg4 Nd6 57. Rc1 Kg7 58. Be6 h5 59. Re1
Kh6 60. Bd7 Rf3+ 61. Kg2 Rb3 62. Be6 Kg5 63. Rf1 Rb2+ 64. Kf3 Rb3+ 65. Kg2 Ne4
66. Rf8 Bd6 67. Rg8+ Kh4 68. Rg6 Ng5 69. Bf5 Rg3+ 70. Kh1 Bc5 71. Bg4 Rg1+ 72.
Kh2 Rxg4 73. Rf6 Bd6+ 74. Kh1 Bf4 75. Ra6 Nh3 0-1

[Event "Groningen op"]
[Site "Groningen NED"]
[Date "2015.10.12"]
[Round "5"]
[White "Von Meijenfeldt, Bart"]
[Black "Gedajlovic, Max"]
[Result "1/2-1/2"]
[WhiteElo "2283"]
[BlackElo "2302"]
[PlyCount "61"]
[EventDate "2015.12.21"]
[EventType "swiss"]
[EventRounds "9"]
[EventCountry "NED"]
[Source "Chess Mix"]

1. e4 e6 2. d4 d5 3. Nd2 Nf6 4. e5 Nfd7 5. f4 c5 6. c3 Nc6 7. Ndf3 cxd4 8. cxd4
f5 9. Bd3 Be7 10. Ne2 O-O 11. O-O Nb6 12. Kh1 Bd7 13. Be3 Rc8 14. Rc1 Nb4 15.
Rxc8 Qxc8 16. Bb1 Nc4 17. Bc1 b5 18. Ne1 a5 19. b3 Nb6 20. Ba3 Re8 21. Bxb4
Bxb4 22. Nd3 Be7 23. Qd2 b4 24. Rc1 Qa6 25. Nc5 Qa7 26. Bd3 Rc8 27. Rc2 Na8 28.
Qc1 Nb6 29. Qd2 Na8 30. Qc1 Nb6 31. Qd2 1/2-1/2

[Event "Groningen op"]
[Site "Groningen NED"]
[Date "2015.12.27"]
[Round "6"]
[White "Gedajlovic, Max"]
[Black "Den Hartog, Marijn"]
[Result "1-0"]
[WhiteElo "2302"]
[BlackElo "2197"]
[PlyCount "99"]
[EventDate "2015.12.21"]
[EventType "swiss"]
[EventRounds "9"]
[EventCountry "NED"]
[Source "Chess Mix"]

1. d4 Nf6 2. Nf3 g6 3. c4 Bg7 4. Nc3 O-O 5. e4 d6 6. h3 c6 7. Bg5 Qe8 8. Be2 e5
9. dxe5 dxe5 10. Qd6 Qe6 11. O-O-O Qxd6 12. Rxd6 Be6 13. Be3 Nbd7 14. Ng5 Rfe8
15. Nxe6 Rxe6 16. Rxe6 fxe6 17. g4 h6 18. h4 Kf7 19. Rd1 Ke7 20. Kc2 c5 21. Rg1
Ne8 22. a3 Nd6 23. b4 Rc8 24. Kb3 b6 25. Rd1 Bf8 26. Na4 Nb7 27. Nb2 Ke8 28. b5
Ke7 29. Nd3 Nd6 30. Ne1 Nf7 31. Bd2 Nf6 32. f3 g5 33. hxg5 Nxg5 34. Nd3 Nd7 35.
Ne1 Bg7 36. Ng2 Nf8 37. a4 Rd8 38. Kc2 Nf7 39. a5 Bf6 40. Ra1 Bg5 41. Bc3 Rd7
42. axb6 axb6 43. Ra6 Rd6 44. Ra7+ Rd7 45. Ra6 Rb7 46. Ne1 Ng6 47. Bd1 Nh4 48.
Be2 Bf4 49. Nd3 Ng6 50. Ba5 1-0

[Event "Groningen op"]
[Site "Groningen NED"]
[Date "2015.12.28"]
[Round "7"]
[White "Baskin, Robert"]
[Black "Gedajlovic, Max"]
[Result "1-0"]
[WhiteElo "2351"]
[BlackElo "2302"]
[PlyCount "97"]
[EventDate "2015.12.21"]
[EventType "swiss"]
[EventRounds "9"]
[EventCountry "NED"]
[Source "Chess Mix"]

1. e4 e6 2. d4 d5 3. Nd2 Nf6 4. e5 Nfd7 5. Bd3 c5 6. c3 Nc6 7. Ne2 cxd4 8. cxd4
f6 9. exf6 Nxf6 10. O-O Bd6 11. Nf3 Qc7 12. Nc3 a6 13. Bd2 O-O 14. Rc1 Bd7 15.
Re1 b5 16. h3 Qb6 17. Be3 Qa5 18. Bb1 Rac8 19. Qd3 b4 20. Ne2 Ne7 21. Rxc8 Rxc8
22. Bf4 Qb6 23. Bxd6 Qxd6 24. Qe3 Re8 25. Ne5 Bb5 26. Nf4 Bc6 27. f3 a5 28. g4
Rf8 29. Ned3 Bd7 30. Kg2 Nc6 31. Ne5 Bc8 32. Qd3 Ne7 33. Nh5 g6 34. Nxf6+ Rxf6
35. Rc1 Ba6 36. Qc2 Rf4 37. Qd2 Rf8 38. Qh6 b3 39. axb3 Qb4 40. Bxg6 Nxg6 41.
Nxg6 Rc8 42. Ne5 Rxc1 43. Qxe6+ Kg7 44. Qf7+ Kh8 45. Qf6+ Kg8 46. Qg5+ Kf8 47.
Qxc1 Qxd4 48. Qh6+ Ke7 49. Nc6+ 1-0

[Event "Groningen op"]
[Site "Groningen NED"]
[Date "2015.12.29"]
[Round "8"]
[White "Gedajlovic, Max"]
[Black "Kasparova, Tatiana"]
[Result "1-0"]
[WhiteElo "2302"]
[BlackElo "2158"]
[PlyCount "121"]
[EventDate "2015.12.21"]
[EventType "swiss"]
[EventRounds "9"]
[EventCountry "NED"]
[Source "Chess Mix"]

1. d4 Nf6 2. c4 c5 3. d5 b5 4. cxb5 a6 5. bxa6 g6 6. Nc3 Bg7 7. e4 O-O 8. a7
Rxa7 9. Nf3 d6 10. Be2 Na6 11. O-O Nd7 12. Nb5 Ra8 13. a4 Nc7 14. Rb1 Nb6 15.
b3 f5 16. Bd3 Nxb5 17. axb5 fxe4 18. Bxe4 Bf5 19. Qd3 Qd7 20. Bb2 Bxb2 21. Rxb2
Ra5 22. Re2 Qxb5 23. Qd2 Ra7 24. Qe3 Qd7 25. Qh6 e5 26. dxe6 Qxe6 27. Rfe1 Qf7
28. h4 Bxe4 29. Rxe4 Nd5 30. Qd2 Nf6 31. Re6 d5 32. Ng5 Qb7 33. Qc3 Qb4 34.
Qxb4 cxb4 35. Rb6 Rd7 36. Rxb4 d4 37. Rd1 d3 38. Nf3 Rfd8 39. Rc4 Rb8 40. Rc3
Rdb7 41. Rdxd3 Rb4 42. Rd6 Nh5 43. Rd7 Rxb3 44. Rcc7 Nf6 45. Rg7+ Kh8 46. Ng5
Re8 47. g3 Rb1+ 48. Kg2 Ree1 49. Rgf7 Rg1+ 50. Kf3 Rb3+ 51. Ke2 Rb2+ 52. Kd3
Rd1+ 53. Kc3 Rb8 54. Kc2 Rd6 55. Rxh7+ Nxh7 56. Nf7+ Kg8 57. Nxd6 Nf6 58. Rc4
Rd8 59. Nb5 Rd5 60. Nc3 Rf5 61. Nd1 1-0

[Event "Groningen op"]
[Site "Groningen NED"]
[Date "2015.12.30"]
[Round "9"]
[White "Bollen, Guus"]
[Black "Gedajlovic, Max"]
[Result "1/2-1/2"]
[WhiteElo "2135"]
[BlackElo "2302"]
[PlyCount "111"]
[EventDate "2015.12.21"]
[EventType "swiss"]
[EventRounds "9"]
[EventCountry "NED"]
[Source "Chess Mix"]

1. c4 e5 2. Nc3 Nf6 3. g3 c6 4. d4 exd4 5. Qxd4 d5 6. Bg2 dxc4 7. Qxc4 Be6 8.
Qa4 Be7 9. Nh3 Nbd7 10. Nf4 Bf5 11. e4 Nc5 12. Qc4 Be6 13. Nxe6 Nxe6 14. O-O
O-O 15. e5 Nd7 16. f4 Nb6 17. Qe2 Qd4+ 18. Be3 Qc4 19. Qh5 g6 20. Qh3 Nd4 21.
f5 Nxf5 22. Rxf5 gxf5 23. Rf1 Qg4 24. Qh6 Qg7 25. Qf4 Nd7 26. Qxf5 Nxe5 27. Ne4
Ng6 28. h4 Qe5 29. Qf2 f5 30. Nd2 f4 31. gxf4 Qh5 32. f5 Bxh4 33. Qf3 Qxf3 34.
Rxf3 Ne7 35. Bc5 Rf7 36. Bf1 Nd5 37. Ne4 Re8 38. Bd3 Rg7+ 39. Kh2 Nf6 40. Bc4+
Kh8 41. Nd6 Ree7 42. Be6 b6 43. Bd4 Ng4+ 44. Kh3 Bf6 45. Rf4 Bxd4 46. Rxd4 h5
47. Ne4 Re8 48. Rd6 c5 49. f6 Rc7 50. Kh4 Rh7 51. Bf5 Rh6 52. Kg5 Rg8+ 53. Kf4
Rf8 54. Kg5 Rg8+ 55. Kf4 Rf8 56. Kg5 1/2-1/2

[Event "Sunway Sitges op-A"]
[Site "Sitges ESP"]
[Date "2015.12.14"]
[Round "3"]
[White "Agrest, Evgenij"]
[Black "Gedajlovic, Max"]
[Result "1-0"]
[WhiteElo "2593"]
[BlackElo "2302"]
[PlyCount "139"]
[EventDate "2015.12.13"]
[EventType "swiss"]
[EventRounds "9"]
[EventCountry "ESP"]
[Source "Chessbase"]
[SourceDate "2015.12.25"]

1. Nf3 Nf6 2. c4 c5 3. Nc3 e6 4. g3 b6 5. Bg2 Bb7 6. O-O Be7 7. b3 d6 8. Bb2 a6
9. d4 cxd4 10. Qxd4 Nbd7 11. Qe3 O-O 12. Nd4 Bxg2 13. Kxg2 Qc7 14. f4 Rfe8 15.
Qf3 Rac8 16. Rac1 Bf8 17. h3 Qa7 18. Rfd1 Qa8 19. Qxa8 Rxa8 20. e3 Rac8 21.
Nde2 Rb8 22. Nd4 Rbc8 23. g4 Nb8 24. Kf3 Red8 25. Nde2 Nfd7 26. Rd2 Nc6 27. Ng3
Nc5 28. Rcd1 Rd7 29. Ke2 Rb8 30. Nge4 Rbd8 31. Nxc5 bxc5 32. Ba3 Nb8 33. Ne4
Be7 34. g5 f5 35. gxf6 gxf6 36. f5 exf5 37. Ng3 Kf7 38. Nxf5 Ke6 39. Ng7+ Kf7
40. Nh5 Rg8 41. Nf4 Rdd8 42. Kf1 Nc6 43. Rg2 f5 44. Rxg8 Rxg8 45. Rd5 Kf6 46.
Bb2+ Kg5 47. Bc3 Nd8 48. Ke2 Rf8 49. Rd1 Kh6 50. Nd5 Bh4 51. Rg1 Ne6 52. Rg2
Re8 53. Kd3 Rf8 54. a3 Ng5 55. Bf6 Rf7 56. b4 cxb4 57. axb4 Ra7 58. Be7 Ra8 59.
Bxd6 Ne6 60. c5 Bg5 61. Kc4 Re8 62. Ra2 Ra8 63. Nf4 Ng7 64. Kd5 Bd8 65. b5 Ne8
66. Rxa6 Nf6+ 67. Ke6 Rc8 68. Kxf5 Kg7 69. Ne6+ Kf7 70. Ra7+ 1-0

[Event "Sunway Sitges op-A"]
[Site "Sitges ESP"]
[Date "2015.12.16"]
[Round "5"]
[White "Abergel, Thal"]
[Black "Gedajlovic, Max"]
[Result "1/2-1/2"]
[WhiteElo "2449"]
[BlackElo "2302"]
[PlyCount "85"]
[EventDate "2015.12.13"]
[EventType "swiss"]
[EventRounds "9"]
[EventCountry "ESP"]
[Source "Chessbase"]
[SourceDate "2015.12.25"]

1. d4 Nf6 2. Nf3 e6 3. e3 c5 4. Bd3 d5 5. b3 Nc6 6. Bb2 Bd6 7. O-O b6 8. Nbd2
Bb7 9. dxc5 bxc5 10. e4 d4 11. Bb5 Nd7 12. c3 e5 13. Nc4 Bc7 14. Rc1 O-O 15.
Re1 Re8 16. Qd3 Re6 17. Ncd2 Rc8 18. Bc4 Rg6 19. Nf1 Na5 20. Bb5 Bd6 21. Ng3
Bb8 22. cxd4 exd4 23. b4 cxb4 24. Qxd4 Nc6 25. Bxc6 Rcxc6 26. Rcd1 Rcd6 27.
Qxb4 Nb6 28. Qb3 Bc8 29. Ne5 Be6 30. Qc2 Rh6 31. Ba3 Rxd1 32. Rxd1 Qe8 33. Nc6
Bd7 34. Nxb8 Ba4 35. Qc3 Bxd1 36. Nf5 Rf6 37. Nc6 Qxe4 38. Nce7+ Kh8 39. Qd2
Nd7 40. h3 Ba4 41. Nxg7 Qb1+ 42. Kh2 Qb8+ 43. Kg1 1/2-1/2

[Event "Sunway Sitges op-A"]
[Site "Sitges ESP"]
[Date "2015.12.17"]
[Round "6"]
[White "Gedajlovic, Max"]
[Black "Shyam, Sundar M2"]
[Result "0-1"]
[WhiteElo "2302"]
[BlackElo "2485"]
[PlyCount "54"]
[EventDate "2015.12.13"]
[EventType "swiss"]
[EventRounds "9"]
[EventCountry "ESP"]
[Source "Chessbase"]
[SourceDate "2015.12.25"]

1. d4 Nf6 2. Nf3 d5 3. c4 e6 4. g3 dxc4 5. Bg2 Bd7 6. Ne5 Bc6 7. Nxc6 Nxc6 8.
Qa4 Qd7 9. Qxc4 Nxd4 10. Bxb7 Rb8 11. Bg2 Bb4+ 12. Kf1 O-O 13. e3 Nf5 14. Bf3
e5 15. Kg2 e4 16. Be2 h5 17. h3 Rfe8 18. a3 Bd6 19. Nc3 Bxg3 20. Qa6 Rb6 21.
Qa4 Qd6 22. Bxh5 Bxf2 23. Ne2 Bxe3 24. Rd1 Qe5 25. Bg4 Bxc1 26. Bxf5 Qxf5 27.
Raxc1 Qf3+ 0-1

[Event "Andorra op"]
[Site "Erts AND"]
[Date "2015.07.19"]
[Round "2"]
[White "Gedajlovic, Max"]
[Black "Arizmendi Martinez, Julen Luis"]
[Result "0-1"]
[WhiteElo "2178"]
[BlackElo "2529"]
[PlyCount "126"]
[EventDate "2015.07.18"]
[EventType "swiss"]
[EventRounds "9"]
[EventCountry "AND"]
[Source "Chessbase"]
[SourceDate "2015.07.31"]

1. d4 d6 2. Nf3 Nf6 3. Nbd2 Nbd7 4. e4 e5 5. c3 Be7 6. Bd3 O-O 7. O-O c6 8. Re1
Re8 9. Qb3 Bf8 10. a4 Nh5 11. Nf1 h6 12. Bd2 Qf6 13. Ng3 Nf4 14. Bxf4 Qxf4 15.
Rad1 g6 16. a5 Qf6 17. Bc4 b5 18. axb6 Nxb6 19. dxe5 dxe5 20. Be2 Be6 21. Qc2
a5 22. Nd2 a4 23. Ngf1 Bc5 24. Ne3 Bxe3 25. fxe3 Qe7 26. Bf1 Qc5 27. Rb1 Reb8
28. Kf2 Nc8 29. b4 axb3 30. Nxb3 Qa3 31. c4 Nd6 32. Nd2 Qa5 33. Rxb8+ Rxb8 34.
Rb1 Rxb1 35. Nxb1 Qb4 36. Nd2 Qxd2+ 37. Qxd2 Nxe4+ 38. Ke2 Nxd2 39. Kxd2 c5 40.
g3 Kf8 41. h4 f5 42. Kc3 Ke7 43. Kb3 Bd7 44. Bg2 Kf6 45. Kc3 g5 46. hxg5+ Kxg5
47. Bh3 e4 48. Kd2 Be6 49. Kc3 Bd7 50. Kd2 Ba4 51. Kc3 Be8 52. Kd2 Bd7 53. Kc3
h5 54. Kb3 Be8 55. Kc3 Ba4 56. Kd2 Bb3 57. Kc3 Bd1 58. Kd2 Bg4 59. Bg2 h4 60.
gxh4+ Kxh4 61. Ke1 Kg3 62. Kf1 Bf3 63. Kg1 Be2 0-1

[Event "Andorra op"]
[Site "Erts AND"]
[Date "2015.07.24"]
[Round "7"]
[White "Bernal Moro, Luis Javier"]
[Black "Gedajlovic, Max"]
[Result "1/2-1/2"]
[WhiteElo "2435"]
[BlackElo "2178"]
[PlyCount "89"]
[EventDate "2015.07.18"]
[EventType "swiss"]
[EventRounds "9"]
[EventCountry "AND"]
[Source "Chessbase"]
[SourceDate "2015.07.31"]

1. Nf3 Nf6 2. c4 c5 3. Nc3 e6 4. g3 b6 5. Bg2 Bb7 6. O-O Be7 7. b3 d6 8. Bb2 a6
9. e3 O-O 10. d4 Nbd7 11. d5 exd5 12. Nh4 g6 13. Nxd5 Nxd5 14. Bxd5 Bxd5 15.
Qxd5 Bf6 16. Rab1 Bxb2 17. Rxb2 Nf6 18. Qf3 Kg7 19. Rd1 Qc7 20. Qf4 Ne8 21.
Rbd2 b5 22. Ng2 Rd8 23. e4 f5 24. exf5 Rxf5 25. Qe3 Qf7 26. Nf4 Kg8 27. Rd5
Rxd5 28. Nxd5 Nf6 29. Nxf6+ Qxf6 30. Rd5 bxc4 31. bxc4 Rb8 32. Rd3 Rb2 33. Ra3
Qf7 34. Kg2 Rc2 35. Rd3 Qb7+ 36. Qf3 Qxf3+ 37. Kxf3 Rxa2 38. Rxd6 Ra4 39. Rc6
Rxc4 40. Rxa6 Rc3+ 41. Ke2 g5 42. Ra7 h6 43. Rc7 Rc2+ 44. Kf3 c4 45. h4 1/2-1/2

[Event "Andorra op"]
[Site "Erts AND"]
[Date "2015.07.25"]
[Round "8"]
[White "Gedajlovic, Max"]
[Black "Brochet, Philippe"]
[Result "1/2-1/2"]
[WhiteElo "2178"]
[BlackElo "2378"]
[PlyCount "91"]
[EventDate "2015.07.18"]
[EventType "swiss"]
[EventRounds "9"]
[EventCountry "AND"]
[Source "Chessbase"]
[SourceDate "2015.07.31"]

1. d4 d5 2. Nf3 Nf6 3. e3 Bf5 4. c4 e6 5. Nc3 c6 6. Nh4 Bg4 7. Qb3 Qb6 8. h3
Bh5 9. g4 Bg6 10. Nxg6 hxg6 11. g5 Ng8 12. c5 Qc7 13. e4 Nd7 14. exd5 exd5 15.
Ne2 b6 16. Bf4 Qd8 17. O-O-O bxc5 18. Re1 Be7 19. h4 Kf8 20. Bh3 cxd4 21. Nxd4
Nc5 22. Qf3 Rxh4 23. Kb1 Bxg5 24. Bxg5 Qxg5 25. Qa3 Re4 26. Qxc5+ Qe7 27. Qxe7+
Kxe7 28. Rxe4+ dxe4 29. Rc1 Kd6 30. Nxc6 f5 31. Bf1 Nf6 32. Nd4 Ke5 33. Nc6+
Kf4 34. Ne7 Ng4 35. Rc2 Re8 36. Nd5+ Ke5 37. Ne3 Nh2 38. Rc5+ Kf4 39. Be2 Rd8
40. Kc1 Nf3 41. Nd1 Nd4 42. Bc4 Kf3 43. b4 Ne2+ 44. Kc2 Nd4+ 45. Kc1 Ne2+ 46.
Kc2 1/2-1/2

[Event "Andorra op"]
[Site "Erts AND"]
[Date "2015.07.26"]
[Round "9"]
[White "Gedajlovic, Max"]
[Black "Berkovich, Mark"]
[Result "0-1"]
[WhiteElo "2178"]
[BlackElo "2376"]
[PlyCount "120"]
[EventDate "2015.07.18"]
[EventType "swiss"]
[EventRounds "9"]
[EventCountry "AND"]
[Source "Chessbase"]
[SourceDate "2015.07.31"]

1. d4 Nf6 2. Nf3 d5 3. e3 g6 4. Nbd2 Bg7 5. b4 O-O 6. c4 c6 7. a4 Bf5 8. Be2
Nbd7 9. Bb2 Ne4 10. O-O dxc4 11. Nxc4 Nb6 12. Nfd2 Nxd2 13. Qxd2 Qd7 14. Rfd1
Rfd8 15. b5 Nxa4 16. Rxa4 cxb5 17. Nb6 axb6 18. Rb4 Ra5 19. Bc3 Rda8 20. Rb2
Ra1 21. Rxb5 Rxd1+ 22. Qxd1 Qc7 23. Be1 Ra2 24. Bd3 Bxd3 25. Qxd3 Ra1 26. Rb1
Rxb1 27. Qxb1 h5 28. h3 e6 29. Qb4 h4 30. Qc3 Qxc3 31. Bxc3 Kf8 32. Kf1 Ke7 33.
Ke2 Kd7 34. Kd3 Bf8 35. Kc4 Kc6 36. e4 b5+ 37. Kb3 Bh6 38. Bb4 Bf4 39. Bc3 Kb6
40. Bb4 f5 41. f3 Bg3 42. Kc2 Bf2 43. Kd3 Kc6 44. Bc3 Bg1 45. Bb4 Bf2 46. Bc3
Kb6 47. Bb4 Kc7 48. Bd2 Kc6 49. Bb4 Bg3 50. Kc2 Bd6 51. Bd2 b4 52. Kb3 Kb5 53.
Bg5 Bg3 54. Be7 Bf2 55. Bf6 Be1 56. Be5 Bc3 57. Bg7 Kc6 58. Bf6 Kd7 59. Kc2 Ke8
60. Kb3 Kf7 0-1